000 00589nam a22001937a 4500
999 _c196947
_d196947
005 20230810110810.0
010 _aB-755552
020 _a9789388496612
_c490.00
035 _aB-755552
037 _bVishu Books
082 _aS
100 _aMohini, Mudit
245 _aStories for Curious Minds/
_cMudit Mohini
260 _aNew Delhi
_bVishu Books
270 _aB-1/E-7 Mohan Estate, Badarpur,
_bNew Delhi
_e110044
300 _a160p.
_bill.
_c29cm(Hb)
942 _2ddc
_cCH
_hS
_mSTO